Most of Each Letter in a Country Name - Statistics

General Stats
  • This quiz has been taken 85 times
  • The average score is 17 of 26
Answer Stats
Letter # of Letters in Name Country/Countries % Correct
H 1 Afghanistan/Bahamas/Bahrain/Bangladesh/Bhutan/Bosnia and Herzegovina/Chad/Chile/China/Democratic Republic of the Congo/Republic of the Congo/Czech Republic/Ethiopia/Ghana/Haiti/Honduras/Hungary/Kazakhstan/Lesotho/Liechtenstein/Lithuania/Marshall Islands/North Korea/North Macedonia/Philippines/Saint Vincent and the Grenadines/Seychelles/South Africa/South Korea/South Sudan/Thailand
94%
F 1 Afghanistan/Burkina Faso/Central African Republic/Democratic Republic of the Congo/Republic of the Congo/Fiji/Finland/France/South Africa
94%
J 1 Azerbaijan/Djibouti/Fiji/Jamaica/Japan/Jordan/Tajikistan
91%
Q 1 Equatorial Guinea/Iraq/Mozambique/Qatar
91%
Z 1 Azerbaijan/Belize/Bosnia and Herzegovina/Brazil/Czech Republic/Kazakhstan/Kyrgyzstan/Mozambique/New Zealand/Switzerland/Tanzania/Uzbekistan/Venezuela/Zambia/Zimbabwe
90%
V 1 Bolivia/Bosnia and Herzegovina/Cape Verde/Ivory Coast/El Salvador/Kosovo/Latvia/Maldives/Moldova/Saint Kitts and Nevis/Saint Vincent and the Grenadines/Slovakia/Slovenia/Tuvalu/Vanuatu/Vatican City/Venezuela/Vietnam
88%
W 1 Botswana/Eswatini/Kuwait/Malawi/New Zealand/Norway/Papua New Guinea/Rwanda/Sweden/Switzerland/Taiwan/Zimbabwe
81%
B 2 Antigua and Barbuda...
79%
X 1 Luxembourg/Mexico
72%
I 3 Dominican Republic/Saint Kitts and Nevis/Kiribati/Philippines/Saint Vincent and the Grenadines
70%
K 2 Kazakhstan
70%
A 5 Antigua and Barbuda
69%
C 4 Democratic Republic of the Congo
66%
P 3 Philippines
63%
M 2 Mozambique/Myanmar
61%
U 3 Uruguay
61%
Y 2 Kyrgyzstan
58%
S 3 Marshall Islands/Saint Kitts and Nevis/Solomon Islands
58%
N 6 Saint Vincent and the Grenadines
58%
O 4 Democratic Republic of the Congo
55%
G 2 Georgia
51%
T 3 Saint Kitts and Nevis/Saint Vincent and the Grenadines/United States
51%
L 3 Marshall Islands
46%
E 4 Saint Vincent and the Grenadines
39%
R 3 Central African Republic
34%
D 3 Trinidad and Tobago
30%
No matching quizzes found
Score Distribution
Percent of People with Each Score
Percentile by Number Answered
Your Score History
You have not taken this quiz